Giáo dục giới tính và sự phát triển toàn diện của vị thành niên

Đã lưu trong:
書目詳細資料
主要作者: Đào Xuân Dũng
格式: 圖書
語言:Undetermined
出版: H. ĐHQG 2003
主題:
標簽: 添加標簽
沒有標簽, 成為第一個標記此記錄!
Thư viện lưu trữ: Trung tâm Học liệu Trường Đại học Cần Thơ
LEADER 00567nam a2200193Ia 4500
001 CTU_55607
008 210402s9999 xx 000 0 und d
020 |b 16500 
082 |a 613.951 
082 |b D513 
100 |a Đào Xuân Dũng 
245 0 |a Giáo dục giới tính và sự phát triển toàn diện của vị thành niên 
245 0 |c Đào Xuân Dũng 
260 |a H. 
260 |b ĐHQG 
260 |c 2003 
650 |a sex instruction,youth 
650 |x education 
980 |a Trung tâm Học liệu Trường Đại học Cần Thơ